| 000 | 00460nam a2200181Ia 4500 | ||
|---|---|---|---|
| 001 | 10523 | ||
| 005 | 20260306161838.0 | ||
| 008 | 260306t1965||||xx |||||||||||||| ||spa|| | ||
| 041 | _aESP | ||
| 082 |
_a940.1 _bM43 V. 2 |
||
| 100 |
_aMerriman, Roger Bigelow _eAUT |
||
| 245 | 0 |
_aLa formación del imperio español: _ben el viejo mundo y en el nuevo |
|
| 260 | _c1965 | ||
| 300 |
_a _c22 cm. |
||
| 650 | _aGEN | ||
| 654 | _aCHU | ||
| 942 |
_cLIB _dJUS _fJUS _2ddc _n |
||
| 999 |
_c10523 _d10523 |
||